En fornem ægypterinde /

محفوظ في:

المؤلف الرئيسي: Buhl, Marie-Louise.

التنسيق: كتاب

اللغة: Danish

منشور في: Kobenhavn : Nationalmuseet, 1960.

الموضوعات:

الوسوم: إضافة وسم

لا توجد وسوم, كن أول من يضع وسما على هذه التسجيلة!

رقم الطلب: ( P )DT59 .C6 B85 1960

LEADER 00785nam a2200229Ia 4500
003 OSt
005 20240708064905.0
008 950406s1960 dk a 00000 dan d
952 |0 0  |1 0  |2 lcc  |4 0  |7 1  |9 43784  |a ARCE  |b ARCE  |d 2022-11-24  |l 0  |o ( P )DT59 .C6 B85 1960  |r 2022-11-24 00:00:00  |w 2022-11-24  |y BK 
999 |c 50241  |d 50241 
040 |c ARCE Library 
050 4 |a ( P )DT59 .C6 B85 1960 
100 1 |a Buhl, Marie-Louise.  
245 1 0 |a En fornem ægypterinde /   |c Af Marie-Louise Buhl. 
264 1 |a Kobenhavn :  |b Nationalmuseet,   |c 1960. 
300 |a p. [38]-44 :   |b ill. ;   |c 31 cm. 
504 |a Includes bibliographical references. 
650 0 |a Sculpture, Egyptian. 
650 0 |a Wood-carving -- Egypt. 
651 0 |a Egypt -- Plastic arts -- Middle Kingdom. 
901 |a reviewed 
942 |2 lcc  |c BK